| 000 | 00338nam a22001217a 4500 | ||
|---|---|---|---|
| 005 | 20240918124230.0 | ||
| 008 | 230706b |||||||| |||| 00| 0 eng d | ||
| 040 | _c##$aRTC$cRTC | ||
| 082 | _aPOL.SOC CAP | ||
| 100 | _aBA Political Science and Sociology | ||
| 245 | _aBA Political Science and Sociology Capstone | ||
| 942 |
_2ddc _cSTUDENT WORK |
||
| 999 |
_c9604 _d9605 |
||